[Event "Nordic-ch U14"]
[Site "Torshavn"]
[Date "2021.09.11"]
[Round "4"]
[White "Religa, Marek"]
[Black "Sakic, Matija"]
[Result "1/2-1/2"]
[WhiteElo "1646"]
[BlackElo "1585"]
[PlyCount "29"]
[EventDate "2021.09.10"]
[EventType "swiss"]
[EventRounds "6"]
[EventCountry "FAI"]
[SourceTitle "EXT 2023"]
[Source "ChessBase"]
[SourceDate "2022.10.05"]
[SourceVersion "1"]
[SourceVersionDate "2022.10.05"]
[SourceQuality "1"]

1. d4 g6 2. Nf3 Nf6 3. Nc3 Bg7 4. e4 d6 5. Bf4 Bg4 6. Qd2 Nc6 7. 0-0-0 Bxf3 8. gxf3 e5 9. dxe5 dxe5 10. Qxd8+ Rxd8 11. Rxd8+ Kxd8 12. Bg5 h6 13. Bxf6+ Bxf6 14. Nd5 Bg5+ 15. Kd1 1/2-1/2

[Event "EU Union-ch U14 18th"]
[Site "Mureck"]
[Date "2021.08.10"]
[Round "7"]
[White "Religa, Marek"]
[Black "Lazsadi, Kerka Lilla"]
[Result "1-0"]
[WhiteElo "1601"]
[BlackElo "1736"]
[PlyCount "101"]
[EventDate "2021.08.04"]
[EventType "swiss"]
[EventRounds "9"]
[EventCountry "AUT"]
[SourceTitle "EXT 2022"]
[Source "ChessBase"]
[SourceDate "2021.10.06"]
[SourceVersion "1"]
[SourceVersionDate "2021.10.06"]
[SourceQuality "1"]

1. e4 e6 2. Nf3 d5 3. Nc3 Bb4 4. exd5 exd5 5. d4 Nc6 6. Bb5 Bg4 7. 0-0 Nge7 8. Bf4 0-0 9. Be2 Ng6 10. Be3 h6 11. h3 Be6 12. Re1 a6 13. Bf1 Qd7 14. a3 Bd6 15. Ne2 Nce7 16. b3 f5 17. Bd2 f4 18. Bb4 Nf5 19. Kh1 a5 20. Bxd6 Nxd6 21. Nc3 c6 22. Bd3 Bf5 23. Qd2 Bxd3 24. Qxd3 Nf5 25. Re2 Nfh4 26. Rae1 Rae8 27. Ne5 Nxe5 28. Rxe5 f3 29. g4 Rxe5 30. Rxe5 g6 31. Qe3 g5 32. Re7 Qd6 33. Rxb7 Ng6 34. h4 Qf6 35. h5 Nf4 36. Qe7 Qxe7 37. Rxe7 Nh3 38. Nd1 Rf6 39. Ra7 Re6 40. Rxa5 Re2 41. Kh2 Nxf2 42. Nxf2 Rxf2+ 43. Kg3 Rxc2 44. Rc5 f2 45. Kg2 Rxc5 46. dxc5 Kf7 47. Kxf2 Ke6 48. Ke3 Kd7 49. Kd4 Kc7 50. b4 Kb7 51. b5 1-0

[Event "EU Union-ch U14 18th"]
[Site "Mureck"]
[Date "2021.08.09"]
[Round "6"]
[White "Wahlgreen, Noah Krug"]
[Black "Religa, Marek"]
[Result "1/2-1/2"]
[WhiteElo "1817"]
[BlackElo "1601"]
[PlyCount "114"]
[EventDate "2021.08.04"]
[EventType "swiss"]
[EventRounds "9"]
[EventCountry "AUT"]
[SourceTitle "EXT 2022"]
[Source "ChessBase"]
[SourceDate "2021.10.06"]
[SourceVersion "1"]
[SourceVersionDate "2021.10.06"]
[SourceQuality "1"]

1. e4 Nc6 2. Nf3 d6 3. Bc4 g6 4. 0-0 Nf6 5. Re1 Bg4 6. c3 Bh6 7. d4 Bxc1 8. Qxc1 Bxf3 9. gxf3 e5 10. f4 0-0 11. d5 Nb8 12. fxe5 dxe5 13. Qg5 Nbd7 14. Nd2 Ne8 15. Nf3 Qxg5+ 16. Nxg5 Nd6 17. Bd3 Rae8 18. Kh1 Nf6 19. c4 c5 20. f4 exf4 21. e5 Ng4 22. Bxg6 hxg6 23. exd6 Ne3 24. Rac1 Rd8 25. Nh3 Rxd6 26. Nxf4 Nf5 27. Nd3 Rc8 28. Re5 f6 29. Re4 Kf7 30. Rce1 a5 31. Re6 b6 32. b3 Rcd8 33. Kg2 Rxe6 34. Rxe6 Rd6 35. Re1 Rd8 36. Nb2 b5 37. Nd3 bxc4 38. bxc4 Re8 39. Rxe8 Kxe8 40. Kf3 Nd6 41. Nb2 Kd7 42. Ke3 Nc8 43. Na4 Kd6 44. Ke4 Ne7 45. Nc3 Nf5 46. Ne2 Ne7 47. a3 Nc8 48. Nf4 Ne7 49. Nd3 Nc8 50. Nc1 Kc7 51. Nd3 Kd6 52. h4 Ne7 53. Nf4 g5 54. hxg5 fxg5 55. Nd3 g4 56. Kf4 Nxd5+ 57. cxd5 Kxd5 1/2-1/2

[Event "Online Friendship U12"]
[Site "Tornelo INT"]
[Date "2020.11.21"]
[Round "6.1"]
[White "Religa, Marek"]
[Black "Lippa, Evgeniy"]
[Result "1-0"]
[WhiteElo "1601"]
[BlackElo "1243"]
[PlyCount "39"]
[EventDate "2020.11.21"]
[EventType "team-swiss"]
[EventRounds "7"]
[EventCountry "BLR"]
[SourceTitle "CBM 199 Extra"]
[Source "ChessBase"]
[SourceDate "2021.01.31"]
[SourceVersion "1"]
[SourceVersionDate "2021.01.31"]
[SourceQuality "1"]
[WhiteTeam "Sweden 4 Springare"]
[BlackTeam "Belarus FIDE Academy"]
[WhiteTeamCountry "SWE"]
[BlackTeamCountry "BLR"]

1. e4 e5 2. Nf3 Nc6 3. Bc4 Bc5 4. 0-0 Nf6 5. d4 exd4 6. e5 Ng4 7. Bf4 0-0 8. h3 Nh6 9. Bxh6 gxh6 10. c3 dxc3 11. Nxc3 Kh8 12. Qd2 d6 13. Qxh6 dxe5 14. Ng5 Bf5 15. Rad1 Qe7 16. Nd5 Qd6 17. Nf6 Bd4 18. Ngxh7 e4 19. Ng5+ Bh7 20. Qxh7# 1-0

[Event "EU-ch Online U12"]
[Site "Tornelo INT"]
[Date "2020.09.20"]
[Round "7"]
[White "Grooten, Tommy"]
[Black "Religa, Marek"]
[Result "0-1"]
[WhiteElo "1897"]
[BlackElo "1601"]
[PlyCount "36"]
[EventDate "2020.09.18"]
[EventType "swiss (rapid)"]
[EventRounds "9"]
[EventCountry "NET"]
[SourceTitle "EXT 2023"]
[Source "ChessBase"]
[SourceDate "2022.10.05"]
[SourceVersion "1"]
[SourceVersionDate "2022.10.05"]
[SourceQuality "1"]
[WhiteTeam "Netherlands"]
[BlackTeam "Sweden"]
[WhiteTeamCountry "NED"]
[BlackTeamCountry "SWE"]

1. e4 Nc6 2. d4 e5 3. d5 Nce7 4. d6 Ng6 5. dxc7 Qxc7 6. Nc3 Bb4 7. Bd2 Bxc3 8. Bxc3 Nf6 9. Bd3 0-0 10. Nf3 d5 11. exd5 e4 12. Bxf6 gxf6 13. Bxe4 Re8 14. 0-0 Rxe4 15. Qd3 Bf5 16. Nd4 Rh4 17. Qg3 Qxg3 18. hxg3 Rxd4 0-1

[Event "EU-ch Online U12"]
[Site "Tornelo INT"]
[Date "2020.09.20"]
[Round "8"]
[White "Religa, Marek"]
[Black "Vingris, Mikelis"]
[Result "0-1"]
[WhiteElo "1601"]
[BlackElo "1859"]
[PlyCount "68"]
[EventDate "2020.09.18"]
[EventType "swiss (rapid)"]
[EventRounds "9"]
[EventCountry "NET"]
[SourceTitle "EXT 2023"]
[Source "ChessBase"]
[SourceDate "2022.10.05"]
[SourceVersion "1"]
[SourceVersionDate "2022.10.05"]
[SourceQuality "1"]
[WhiteTeam "Sweden"]
[BlackTeam "Latvia"]
[WhiteTeamCountry "SWE"]
[BlackTeamCountry "LAT"]

1. d4 Nf6 2. Bf4 c5 3. d5 d6 4. Nc3 g6 5. e4 Bg7 6. Qd2 0-0 7. Be2 a6 8. a4 b6 9. Bh6 Re8 10. h4 Bh8 11. f3 e6 12. 0-0-0 exd5 13. Nxd5 Bb7 14. Bc4 b5 15. Ba2 bxa4 16. Bg5 Bxd5 17. Bxd5 Ra7 18. Qc3 Nbd7 19. Qa3 Qb6 20. c3 Rb8 21. Rd2 Bg7 22. g4 Ne5 23. Bf4 Nxd5 24. Bxe5 Bxe5 25. exd5 Bf4 26. Rhh2 Re7 27. Nh3 Re1+ 28. Kc2 c4 29. Qb4 Qxb4 30. cxb4 Bxh2 31. Rxh2 Rxb4 32. Nf4 Rf1 33. Rh3 Rb3 34. Ne2 Rf2 0-1

[Event "EU-ch Online U12"]
[Site "Tornelo INT"]
[Date "2020.09.19"]
[Round "6"]
[White "Religa, Marek"]
[Black "Lohia, Sohum"]
[Result "1-0"]
[WhiteElo "1601"]
[BlackElo "1598"]
[PlyCount "61"]
[EventDate "2020.09.18"]
[EventType "swiss (rapid)"]
[EventRounds "9"]
[EventCountry "NET"]
[SourceTitle "EXT 2023"]
[Source "ChessBase"]
[SourceDate "2022.10.05"]
[SourceVersion "1"]
[SourceVersionDate "2022.10.05"]
[SourceQuality "1"]
[WhiteTeam "Sweden"]
[BlackTeam "England"]
[WhiteTeamCountry "SWE"]
[BlackTeamCountry "ENG"]

1. d4 Nf6 2. Bf4 b6 3. Nc3 Bb7 4. f3 d5 5. e4 dxe4 6. fxe4 Nxe4 7. Bb5+ Nd7 8. Qf3 Nd6 9. Bc6 Bxc6 10. Qxc6 e6 11. 0-0-0 Be7 12. d5 0-0 13. Nf3 e5 14. Bxe5 Nxe5 15. Nxe5 Re8 16. Nf3 Bf6 17. Rhe1 g6 18. Rxe8+ Qxe8 19. Qxc7 Nb5 20. Nxb5 Qxb5 21. c3 Qa6 22. Qc6 Kg7 23. Qxa8 Qxa2 24. Rd2 Qa1+ 25. Kc2 Qa4+ 26. Kb1 Qe4+ 27. Kc1 Qa4 28. Qc6 Qa1+ 29. Kc2 b5 30. Qxb5 a6 31. Qc4 1-0

[Event "EU Union-ch U14 17th"]
[Site "Mureck"]
[Date "2019.08.08"]
[Round "9"]
[White "Religa, Marek"]
[Black "Vanderstappen, Louise"]
[Result "1-0"]
[WhiteElo "1319"]
[BlackElo "1467"]
[PlyCount "45"]
[EventDate "2019.07.31"]
[EventType "swiss"]
[EventRounds "9"]
[EventCountry "AUT"]
[SourceTitle "EXT 2020"]
[Source "ChessBase"]
[SourceDate "2019.10.17"]
[SourceVersion "1"]
[SourceVersionDate "2019.10.17"]
[SourceQuality "1"]

1. e4 c5 2. c4 d6 3. Nc3 Nf6 4. g3 e5 5. Bg2 Be6 6. d3 Be7 7. Nge2 0-0 8. h3 Qd7 9. f4 exf4 10. gxf4 Qc8 11. Be3 Nc6 12. Qd2 a6 13. f5 Bd7 14. 0-0 g6 15. Ng3 Ne5 16. Bg5 Re8 17. fxg6 fxg6 18. Bxf6 Bxf6 19. Rxf6 Bxh3 20. Nd5 Bxg2 21. Kxg2 Qd8 22. Raf1 Nd7 23. Rxd6 1-0

[Event "EU Union-ch U14 17th"]
[Site "Mureck"]
[Date "2019.08.02"]
[Round "3"]
[White "Gemelli, Romain"]
[Black "Religa, Marek"]
[Result "1-0"]
[WhiteElo "1768"]
[BlackElo "1319"]
[PlyCount "56"]
[EventDate "2019.07.31"]
[EventType "swiss"]
[EventRounds "9"]
[EventCountry "AUT"]
[SourceTitle "EXT 2020"]
[Source "ChessBase"]
[SourceDate "2019.10.17"]
[SourceVersion "1"]
[SourceVersionDate "2019.10.17"]
[SourceQuality "1"]

1. d4 Nf6 2. c4 e5 3. dxe5 Ng4 4. Nf3 Nc6 5. Bf4 Bc5 6. e3 Qe7 7. Be2 Bb4+ 8. Nbd2 Ngxe5 9. 0-0 0-0 10. h3 d6 11. Rc1 b6 12. Nd4 Nxd4 13. exd4 Ng6 14. Bg3 Bb7 15. Nf3 d5 16. c5 bxc5 17. a3 Ba5 18. dxc5 c6 19. Bd6 Qe4 20. Bd3 Qe6 21. b4 Bd8 22. Bxf8 Kxf8 23. Re1 Qf6 24. Bxg6 hxg6 25. Ne5 Bc8 26. Rc3 Bc7 27. Rf3 Qg5 28. Nxf7 Qh5 1-0